00000000nam 2200000zi 4500
0019.947243
003CaOODSP
00520250408135900
006m     o  d f      
007cr mn|||||||||
008250122t19971995oncab   o    f001 0 fre d
020 |z0660949326 |q(incorrect)
040 |aCaOODSP|bfre|erda|cCaOODSP
043 |an-cn-nf|aln-----
0861 |aT34-4/1-1995F-PDF|zT34-4/1995F|zT34-4-1995F
24500|aLivre des feux, des bouées et des signaux de brume : |bTerre-Neuve, y compris les eaux côtières du Labrador.
24614|aTerre-Neuve : |blivre des feux, des bouées et des signaux de brume
264 1|a[Ottawa] : |bGarde côtière canadienne, Services à la navigation maritime, |c[1997?]
264 4|c©1995
300 |a1 ressource en ligne (xvii, 71 pages) : |billustration, carte
336 |atexte|btxt|2rdacontent/fre
337 |ainformatique|bc|2rdamedia/fre
338 |aressource en ligne|bcr|2rdacarrier/fre
500 |a« Mise à jour - édition bimensuelle des avis aux navigateurs n° 5 de 1995. »
500 |a« TP 394 F » -- Couverture.
500 |aDispose un registre des corrections de 1995 à 1997, à la page [i].
500 |aComprend un index.
500 |aÉdition numérisée de l'imprimée [par Direction des publications du gouvernement du Canada].
650 6|aAides à la navigation|zTerre-Neuve-et-Labrador|vListes.
650 6|aAides à la navigation|zTerre-Neuve-et-Labrador|zLabrador|vListes.
650 0|aAids to navigation|zNewfoundland and Labrador|vLists.
650 0|aAids to navigation|zNewfoundland and Labrador|zLabrador|vLists.
7102 |aGarde côtière canadienne. |bDirection des services à la navigation maritime, |eorganisme de publication.
85640|qPDF|s4.27 Mo|uhttps://publications.gc.ca/collections/collection_2025/mpo-dfo/T34-4-1-1995-fra.pdf